|
|
|
|
| LEADER |
00000nam a22000007a 4500 |
| 005 |
20140129181323.0 |
| 007 |
cr|||| |||| |
| 008 |
140129s2013 it |||||s|||| 00||0 ita d |
| 020 |
|
|
|a 978-88-6611-331-7
|
| 035 |
|
|
|a 11774
|
| 040 |
|
|
|a vLex
|
| 090 |
|
|
|c 4695
|d 4695
|
| 100 |
1 |
|
|a Morea, Rossana
|
| 245 |
1 |
3 |
|a La responsabilit ̉civile dell’azienda ospedaliera e dei medici dipendenti tra regole giurisprudenziali e norme di diritto...
|h [Recurso electrn̤ico] /
|c Rossana Morea
|
| 256 |
|
|
|a Servicio en ln̕ea
|
| 260 |
|
|
|a Bari :
|b Cacucci Editore,
|c 2013
|
| 300 |
|
|
|a 1 recurso electrn̤ico
|
| 506 |
1 |
|
|a Contenido disponible en los productos indicados
|d vLex Global
|d vLex Global (Academic Edition, excluding Law Schools)
|d vLex Global (U.S. Academic Edition, Law Schools)
|d vLex Global (U.S. Academic Edition, excluding Law Schools)
|d vLex Global (Academic Edition, Law Schools)
|
| 650 |
0 |
4 |
|a Mďicos
|x Responsabilidad profesional
|z Italia
|
| 740 |
0 |
|
|a vLex Libros (Servicio en ln̕ea)
|
| 856 |
4 |
0 |
|u http://vlex.com/source/la-responsabilita-civile-dell-azienda-ospedaliera-e-dei-medici-dipendenti-tra-regole-giurisprudenziali-e-norme-di-diritto-speciale-11774
|z Acceso restringido
|
| 942 |
|
|
|c BOOK
|
| 999 |
0 |
|
|a Physicians--Malpractice
|